MARC

LEADER 00000nam0a2200000 4500
001 99410
005 20231031111711.0
035 |a (RuTPU)RU\TPU\book\106662 
090 |a 99410 
100 |a 20060704d1987 km y0rusy50 ca 
101 0 |a rus 
102 |a RU 
105 |a a z 001zy 
200 1 |a Тепловое излучение полостей  |f С. П. Русин, В. Э. Пелецкий 
210 |a Москва  |c Энергоатомиздат  |d 1987 
215 |a 153 с.  |c ил. 
320 |a Библиогр.: с. 148-151. 
610 1 |a волны 
610 1 |a полости 
610 1 |a тепловое излучение 
610 1 |a законы излучения 
610 1 |a теплообмен 
675 |a 536.3  |v 3 
700 1 |a Русин  |b С. П.  |g Сергей Петрович 
701 1 |a Пелецкий  |b В. Э.  |g Владислав Эдуардович 
801 1 |a RU  |b 63413507  |c 20060704  |g PSBO 
801 2 |a RU  |b 63413507  |c 20190125  |g PSBO 
942 |c BK